European Union Politics

Salvato in:
Dettagli Bibliografici
Natura: Periodico
Lingua:inglese
Pubblicazione: London SAGE Publ. 2015
Soggetti:
Tags: Aggiungi Tag
Nessun Tag, puoi essere il primo ad aggiungerne!!

MARC

LEADER 00000nas2a2200000 4500
001 0261930
005 20220308124117.2
022 |a 1465-1165 
041 0 |a eng 
044 |a GB 
245 1 0 |a European Union Politics 
264 1 |a London  |b SAGE Publ.  |c 2015 
500 |a Chýba č. 2-4 
773 0 |w eu_un_cat*s121185 
610 2 0 |a Európska únia 
610 2 0 |a integrácia ekonomická medzinárodná